Episodi di Attack on Titan in Italiano - Statistics

Statistiche generali
  • Questo quiz è stato fatto 29 volte
  • Il punteggio medio è 44 su 92
Statistiche sulle risposte
Numero Risposta % Corretto
58 (21) Il gigante d'attacco
100%
1 A te, fra 2000 anni
90%
26 (1) Il gigante bestia
90%
65 (6) Il gigante martello
90%
59 (22) Al di là delle mura
80%
31 (6) Guerriero
80%
88 (1) Il boato della terra
80%
17 Il gigante dalle fattezze femminili
80%
60 (1) Al di là del mare
70%
66 (7) Assalto
70%
64 (5) Dichiarazione di guerra
70%
78 (19) Fratelli maggiori e fratelli minori
70%
56 (19) La cantina
70%
53 (16) Partita perfetta
70%
2 Quel giorno
70%
57 (20) Quel giorno
70%
29 (4) Soldato
70%
85 (26) Traditore
70%
69 (10) Buoni argomenti
60%
36 (11) Carica
60%
75 (16) Cielo e terra
60%
9 Cos'è accaduto al braccio sinistro?
60%
80 (21) Da te, duemila anni fa
60%
20 Erwin Smith
60%
30 (5) Historia
60%
72 (13) I bambini della foresta
60%
18 Il bosco di alberi giganti
60%
90 (1) La battaglia tra cielo e terra
60%
87 (28) L'alba dell'umanità
60%
51 (14) Le lance fulmine
60%
25 Le mura
60%
5 Prima battaglia
60%
67 (8) Proiettile assassino
60%
79 (20) Ricordi del futuro
60%
38 (1) Segnale di fumo
60%
55 (18) Sole di mezzanotte
60%
27 (2) Sono a casa
60%
48 (11) Spettatore
60%
91 (2) Un lungo sogno
60%
37 (12) Urla
60%
68 (9) Volontari
60%
63 (4) Da mano a mano
50%
81 (22) Disgelo
50%
71 (12) Guide
50%
54 (17) Il coraggioso
50%
6 Il mondo che la ragazza ha visto
50%
61 (2) Il treno di mezzanotte
50%
84 (25) La notte della fine
50%
46 (9) Monarca delle mura
50%
42 (5) Risposta
50%
73 (14) Violenza efferata
50%
47 (10) Amici
40%
32 (7) Attacco, proiezione, sottomissione
40%
35 (10) Bambini
40%
16 Cos'è che deve essere fatto ora?
40%
92 (3) Guardando verso quell'albero sulla collina
40%
50 (13) La città dove tutto iniziò
40%
3 La luce opaca tra la disperazione
40%
49 (12) La notte prima dell'operazione di riconquista
40%
10 La risposta
40%
45 (8) Le mura del distretto di Orvud
40%
74 (15) L'unica salvezza
40%
86 (27) Retrospettiva
40%
21 Colpo devastante
30%
39 (2) Dolore
30%
76 (17) Giudizio
30%
13 Istinti primordiali
30%
52 (15) La venuta
30%
7 Una piccola lama
30%
14 Ancora non riesco a guardarlo negli occhi
20%
34 (9) Apertura
20%
77 (18) Attacco a tradimento
20%
44 (7) Desiderio
20%
12 Ferite
20%
41 (4) Fiducia
20%
22 Gli sconfitti
20%
11 Icona
20%
8 Il battito del cuore è indice di sentimenti
20%
70 (11) Impostori
20%
33 (8) Inseguitori
20%
24 La grazia
20%
4 La notte della cerimonia dello scioglimento
20%
62 (3) La porta della speranza
20%
15 L'unità per le operazioni speciali
20%
19 Morso
20%
83 (24) Orgoglio
20%
43 (6) Peccato
20%
40 (3) Storie passate
20%
82 (23) Tramonto
20%
23 Un sorriso
20%
28 (3) Verso sud-ovest
20%
89 (2) Peccatori
10%
Nessun quiz corrispondente trovato
Distribuzione punteggi
Percentuale di utenti per punteggio
Percentile per numero di risposta
I tuoi punteggi nel tempo
Non hai fatto questo quiz